Relación de la jornada de Omagua y El Dorado / (Record no. 187615)
[ view plain ]
| 000 -LEADER | |
|---|---|
| campo de control de longitud fija | 01298nam a2200325 i 4500 |
| 001 - NÚMERO DE CONTROL | |
| campo de control | 187615 |
| 003 - IDENTIFICADOR DE NÚMERO DE CONTROL | |
| campo de control | ES-MaACL |
| 005 - FECHA Y HORA DE LA ÚLTIMA TRANSACCIÓN | |
| campo de control | 20250905154909.0 |
| 008 - DATOS DE LONGITUD FIJA--INFORMACIÓN GENERAL | |
| campo de control de longitud fija | 171211s2012 sp ah |||| |dspa d |
| 020 ## - NÚMERO INTERNACIONAL ESTÁNDAR DEL LIBRO | |
| Número Internacional Estándar del Libro | 978-1-938795-88-6 |
| 080 ## - NÚMERO DE LA CLASIFICACIÓN DECIMAL UNIVERSAL | |
| Número de la Clasificación Decimal Universal | 910.4(282.281.3)"15" |
| 080 ## - NÚMERO DE LA CLASIFICACIÓN DECIMAL UNIVERSAL | |
| Número de la Clasificación Decimal Universal | 929 Aguirre, Lope de |
| 080 ## - NÚMERO DE LA CLASIFICACIÓN DECIMAL UNIVERSAL | |
| Número de la Clasificación Decimal Universal | 929 Ursúa, Pedro de |
| 100 1# - ENTRADA PRINCIPAL--NOMBRE DE PERSONA | |
| Nombre de persona | Arias de Almesto, Pedro. |
| 9 (RLIN) | 163900 |
| 245 10 - MENCIÓN DEL TÍTULO | |
| Título | Relación de la jornada de Omagua y El Dorado / |
| Mención de responsabilidad, etc. | Pedrarias de Almesto ; estudio, edición y notas de Álvaro Baraibar. |
| 260 ## - PUBLICACIÓN, DISTRIBUCIÓN, ETC. | |
| Lugar de publicación, distribución, etc. | New York : |
| Nombre del editor, distribuidor, etc. | IDEA/IGAS, |
| Fecha de publicación, distribución, etc. | 2012. |
| 300 ## - DESCRIPCIÓN FÍSICA | |
| Extensión | 154 p. : |
| Otras características físicas | il. ; |
| Dimensiones | 22 cm. |
| 490 1# - MENCIÓN DE SERIE | |
| Mención de serie | Batihoja ; |
| Designación de volumen o secuencia | 4 |
| 504 ## - NOTA DE BIBLIOGRAFÍA, ETC. | |
| Nota de bibliografía, etc. | Bibliografía: p. 47-53. |
| 505 8# - NOTA DE CONTENIDO CON FORMATO | |
| Nota de contenido con formato | Incluye reproducción de la copia del manuscrito de Pedrarias de Almesto conservada en la Biblioteca Nacional de París. |
| 600 17 - PUNTO DE ACCESO ADICIONAL DE MATERIA--NOMBRE DE PERSONA | |
| Nombre de persona | Aguirre, Lope de, |
| Fechas asociadas al nombre | ca. 1516-1561 |
| Fuente del encabezamiento o término | |
| 9 (RLIN) | 145052 |
| 600 14 - PUNTO DE ACCESO ADICIONAL DE MATERIA--NOMBRE DE PERSONA | |
| Nombre de persona | Ursúa, Pedro de. |
| 9 (RLIN) | 145051 |
| 651 #4 - PUNTO DE ACCESO ADICIONAL DE MATERIA--NOMBRE GEOGRÁFICO | |
| Nombre geográfico | Amazonas (Río)- |
| Subdivisión general | Descubrimientos y exploraciones. |
| 9 (RLIN) | 153620 |
| 700 1# - ENTRADA AGREGADA--NOMBRE PERSONAL | |
| Nombre de persona | Baraibar Etxeberria, Álvaro ( |
| Fechas asociadas al nombre | 1970-) |
| 9 (RLIN) | 164015 |
| 830 1# - PUNTO DE ACCESO ADICIONAL DE SERIE-TÍTULO UNIFORME | |
| Título uniforme | Batihoja ; |
| Designación de volumen o secuencia | 4 |
| 9 (RLIN) | 225585 |
| 852 4# - LOCALIZACIÓN | |
| Ubicación | ES-MaACL |
| Número de control de estantería | A-14058 |
| itemnumber | 194701 |
| Sublocalización o colección | R.151295 |
| Ubicación en estantería | Depósito 1 |
| Signatura antigua | Olim: N-7058 |
| Donativo/Legado | Donación: Casa de Velázquez |
| 914 ## - NOMBRE ENTIDAD DE DONANTE | |
| RLIN | 2477 |
| Nombre de congreso/reunión o jurisdicción como elemento de entrada | Casa de Velázquez |
| Unidad subordinada | Donante |
| 942 ## - ELEMENTOS DE ENTRADA SECUNDARIOS (KOHA) | |
| Fuente del sistema de clasificación o colocación | Clasificación decimal universal |
| Tipo de ítem Koha | Libro impreso |
| Estatus retirado | Estado de pérdida | Fuente del sistema de clasificación o colocación | Estado de daño | No para préstamo | Biblioteca de origen | Biblioteca actual | Ubicación en estantería | Fecha de adquisición | Fuente de adquisición | Total de préstamos | Signatura topográfica completa | Código de barras | Visto por última vez | Precio de reemplazo | Tipo de ítem Koha |
|---|---|---|---|---|---|---|---|---|---|---|---|---|---|---|---|
| Clasificación decimal universal | Biblioteca del Ateneo de Madrid | Biblioteca del Ateneo de Madrid | Depósito 1 | 11/12/2017 | Donación | A-14058 | 1198165 | 23/02/2023 | 23/02/2023 | Libro impreso |
